[Event "DEN-ch U10 rapid"]
[Site "Odense"]
[Date "2022.09.30"]
[Round "4"]
[White "Rynkjob, Bastian"]
[Black "Hansen, Patrick Noumedem"]
[Result "0-1"]
[WhiteElo "1263"]
[BlackElo "1328"]
[PlyCount "110"]
[EventDate "2022.09.30"]
[EventType "swiss"]
[EventRounds "7"]
[EventCountry "DEN"]
[SourceTitle "EXT 2024"]
[Source "ChessBase"]
[SourceDate "2023.10.10"]
[SourceVersion "1"]
[SourceVersionDate "2023.10.10"]
[SourceQuality "1"]

1. e4 c6 2. d4 d5 3. Nc3 dxe4 4. Nxe4 Nf6 5. Nxf6+ exf6 6. c3 Bf5 7. Bc4 Bd6 8. Nf3 Nd7 9. 0-0 0-0 10. Nh4 Be6 11. Bxe6 fxe6 12. Qg4 f5 13. Qe2 Bxh2+ 14. Kxh2 Qxh4+ 15. Kg1 Qf6 16. g3 g5 17. Kg2 f4 18. gxf4 gxf4 19. Rg1 Kf7 20. Qe4 Rg8+ 21. Kf1 Rxg1+ 22. Kxg1 Rg8+ 23. Kf1 Qf5 24. Qxf4 Qxf4 25. Bxf4 h5 26. Ke2 Nf6 27. Rh1 Nd5 28. Be3 Nf6 29. c4 Kg6 30. b4 Ne4 31. Kd3 Nf6 32. a4 a6 33. f3 Kf5 34. Rh4 Rg3 35. Rf4+ Kg6 36. Ke2 Rg2+ 37. Kd3 Ra2 38. a5 Ra3+ 39. Ke2 Rc3 40. c5 Rxe3+ 41. Kxe3 Nd5+ 42. Ke4 Nxf4 43. Kxf4 Kf6 44. Kg3 Kf5 45. Kf2 Kf4 46. Kg2 Ke3 47. d5 exd5 48. Kg3 d4 49. b5 d3 50. bxc6 bxc6 51. f4 d2 52. f5 d1Q 53. f6 Qg4+ 54. Kh2 Kf2 55. Kh1 Qg2# 0-1

[Event "EU-ch Schools U11"]
[Site "Rhodes"]
[Date "2022.04.23"]
[Round "3"]
[White "Steiners, Emils"]
[Black "Rynkjob, Bastian"]
[Result "1-0"]
[WhiteElo "1731"]
[BlackElo "1362"]
[PlyCount "125"]
[EventDate "2022.04.21"]
[EventType "swiss"]
[EventRounds "9"]
[EventCountry "GRE"]
[SourceTitle "CBM 208 Extra"]
[Source "ChessBase"]
[SourceDate "2022.07.31"]
[SourceVersion "1"]
[SourceVersionDate "2022.07.31"]
[SourceQuality "1"]

1. e4 c5 2. d4 cxd4 3. c3 Nc6 4. Nf3 e5 5. cxd4 exd4 6. Nxd4 Nf6 7. Nc3 Bb4 8. Nxc6 bxc6 9. Bg5 h6 10. Bxf6 Qxf6 11. Rc1 0-0 12. Bd3 d5 13. exd5 cxd5 14. 0-0 Bb7 15. Qb3 Bxc3 16. bxc3 Qc6 17. f3 Rab8 18. Qc2 Rfe8 19. Rfe1 Rxe1+ 20. Rxe1 Re8 21. Rxe8+ Qxe8 22. Kf2 g6 23. Qe2 Qd8 24. Qe3 Qb6 25. Qxb6 axb6 26. Ke3 Kf8 27. Kd4 Ke7 28. f4 Kd6 29. Bb5 g5 30. fxg5 hxg5 31. Bd3 Bc8 32. g3 g4 33. Bb5 f6 34. Be8 Be6 35. Bg6 Kc6 36. Bd3 Kd6 37. Be2 f5 38. Bd3 Kc6 39. Ke5 Bc8 40. Bxf5 Bxf5 41. Kxf5 Kc5 42. Ke5 Kc4 43. Kd6 Kxc3 44. Kxd5 b5 45. Kc5 b4 46. Kb5 b3 47. axb3 Kxb3 48. Kc5 Kc3 49. Kd5 Kd3 50. Ke5 Ke3 51. Kf5 Kf3 52. Kg5 Kg2 53. Kxg4 Kxh2 54. Kh4 Kg2 55. g4 Kf3 56. g5 Kf4 57. g6 Kf5 58. g7 Kg6 59. g8Q+ Kh6 60. Kg3 Kh5 61. Kf4 Kh6 62. Kf5 Kh5 63. Qh8# 1-0

[Event "EU-ch Schools U11"]
[Site "Rhodes"]
[Date "2022.04.21"]
[Round "1"]
[White "Kuru, Atilla"]
[Black "Rynkjob, Bastian"]
[Result "1-0"]
[WhiteElo "2029"]
[BlackElo "1362"]
[PlyCount "43"]
[EventDate "2022.04.21"]
[EventType "swiss"]
[EventRounds "9"]
[EventCountry "GRE"]
[SourceTitle "CBM 208 Extra"]
[Source "ChessBase"]
[SourceDate "2022.07.31"]
[SourceVersion "1"]
[SourceVersionDate "2022.07.31"]
[SourceQuality "1"]

1. e4 c5 2. Nf3 d6 3. Nc3 Nc6 4. d4 Bg4 5. d5 Nb8 6. h3 Bh5 7. g4 Bg6 8. e5 h5 9. g5 h4 10. Bb5+ Nd7 11. e6 Qc7 12. Bxd7+ Kd8 13. Nb5 Qa5+ 14. Bd2 Qa4 15. Nxd6 Qa6 16. Nb5 Bh5 17. Ne5 f6 18. Qxh5 Qxb5 19. Qe8+ Kc7 20. Qxa8 Qa6 21. Qc8+ Kb6 22. Qd8# 1-0

[Event "DEN-ch U10 rapid"]
[Site "Odense"]
[Date "2021.10.01"]
[Round "3"]
[White "Jalving, August"]
[Black "Rynkjob, Bastian"]
[Result "1-0"]
[WhiteElo "1644"]
[BlackElo "929"]
[PlyCount "75"]
[EventDate "2021.10.01"]
[EventType "swiss"]
[EventRounds "7"]
[EventCountry "DEN"]
[SourceTitle "EXT 2024"]
[Source "ChessBase"]
[SourceDate "2023.10.10"]
[SourceVersion "1"]
[SourceVersionDate "2023.10.10"]
[SourceQuality "1"]

1. e4 e5 2. Nf3 Nc6 3. d4 d6 4. d5 Nce7 5. c4 Nf6 6. Nc3 Bg4 7. Be3 g6 8. h3 Bxf3 9. Qxf3 Bg7 10. Be2 0-0 11. 0-0 c5 12. dxc6 bxc6 13. Rad1 Rb8 14. b3 Qa5 15. Bg5 h6 16. Bxf6 Bxf6 17. Qxf6 Rbe8 18. Na4 Qb4 19. Qxd6 Qa5 20. Qd2 Qa6 21. Qxh6 Rd8 22. Nc5 Qxa2 23. Nd7 Rxd7 24. Rxd7 Qxe2 25. Rxe7 Qxe4 26. Qe3 Qh4 27. Qxe5 Qh7 28. Re1 Qh6 29. Qf6 c5 30. Re8 Rxe8 31. Rxe8+ Qf8 32. Rxf8+ Kxf8 33. Qd6+ Ke8 34. Qxc5 Kd8 35. Qxa7 Kc8 36. c5 Kd8 37. c6 f5 38. Qd7# 1-0